Électrochimie / (Record no. 193726)

MARC details
000 -LEADER
campo de control de longitud fija 01278nam a2200349 i 4500
001 - NÚMERO DE CONTROL
campo de control 193726
003 - IDENTIFICADOR DE NÚMERO DE CONTROL
campo de control ES-MaACL
005 - FECHA Y HORA DE LA ÚLTIMA TRANSACCIÓN
campo de control 20240209063132.0
007 - CAMPO FIJO DE DESCRIPCIÓN FÍSICA--INFORMACIÓN GENERAL
campo de control de longitud fija ta
008 - DATOS DE LONGITUD FIJA--INFORMACIÓN GENERAL
campo de control de longitud fija 240207s1911||||fr a freb 000 0 fre d
035 ## - NÚMERO DE CONTROL DEL SISTEMA
Número de control de sistema (OCoLC)23412276
035 ## - NÚMERO DE CONTROL DEL SISTEMA
Número de control de sistema ocm23412276
035 ## - NÚMERO DE CONTROL DEL SISTEMA
Número de control de sistema BPC02320000801
035 ## - NÚMERO DE CONTROL DEL SISTEMA
Número de control de sistema 021969701
040 ## - FUENTE DE CATALOGACIÓN
Centro catalogador/agencia de origen ABES
Lengua de catalogación fre
Normas de descripción AFNOR
Centro/agencia transcriptor ES-MaACL
100 1# - ENTRADA PRINCIPAL--NOMBRE DE PERSONA
Nombre de persona Vigneron, Henri
9 (RLIN) 114649
245 10 - MENCIÓN DEL TÍTULO
Título Électrochimie /
Mención de responsabilidad, etc. par Henri Vigneron,....
264 #1 - PRODUCCIÓN, PUBLICACIÓN, DISTRIBUCIÓN, FABRICACIÓN Y COPYRIGHT
Producción, publicación, distribución, fabricación y copyright Paris :
Nombre del de productor, editor, distribuidor, fabricante Librairie des Sciences et de l'Industrie :
-- L. Geisler, imprimeur-éditeur,
Fecha de producción, publicación, distribución, fabricación o copyright 1911.
300 ## - DESCRIPCIÓN FÍSICA
Extensión 160 páginas ;
Otras características físicas ilustraciones, diagramas ;
Dimensiones 26 cm.
336 ## - TIPO DE CONTENIDO
Código de tipo de contenido txt
Fuente rdacontent
Término de tipo de contenido texto
337 ## - TIPO DE MEDIO
Código del tipo de medio n
Fuente rdamedia
Nombre/término del tipo de medio sin mediación
337 ## - TIPO DE MEDIO
Código del tipo de medio n
Fuente isbdmedia
Nombre/término del tipo de medio sin mediación
338 ## - TIPO DE SOPORTE
Código del tipo de soporte nga
Fuente RDAfrCarrier
Nombre/término del tipo de soporte volumen
490 1# - MENCIÓN DE SERIE
Mención de serie Encyclopédie électrotechnique ;
Designación de volumen o secuencia 44e Fascicule
650 #4 - PUNTO DE ACCESO ADICIONAL DE MATERIA--TÉRMINO DE MATERIA
Término de materia o nombre geográfico como elemento de entrada Electroquímica
Fuente del encabezamiento o término ram
9 (RLIN) 12168
830 ## - PUNTO DE ACCESO ADICIONAL DE SERIE-TÍTULO UNIFORME
9 (RLIN) 235039
Título uniforme Encyclopédie électrotechnique
Designación de volumen o secuencia 44
852 ## - LOCALIZACIÓN
Ubicación ES-MaACL
Sublocalización o colección R.M.8252
itemnumber 201260
Número de control de estantería D-8706
Ubicación en estantería Sala Valle Inclán
Marcas de propiedad Sello en tinta en portada: "Ateneo de Madrid. Biblioteca"
886 2# - INFORMACIÓN DE CAMPO MARC FORÁNEO
2 unimarc
a 181
-- i#
b xxxe##
942 ## - ELEMENTOS DE ENTRADA SECUNDARIOS (KOHA)
Suprimir en OPAC No
Tipo de ítem Koha Libro impreso
Holdings
Estatus retirado Estado de pérdida Fuente del sistema de clasificación o colocación Estado de daño No para préstamo Biblioteca de origen Biblioteca actual Ubicación en estantería Fecha de adquisición Número de inventario Total de préstamos Signatura topográfica completa Código de barras Visto por última vez Precio de reemplazo Tipo de ítem Koha
    Clasificación decimal universal     Biblioteca del Ateneo de Madrid Biblioteca del Ateneo de Madrid Sala Valle Inclán 07/02/2024 R.M.8252   D-8706 101206726 07/02/2024 07/02/2024 Libro impreso